000 00632nam a2200229Ia 4500
003 OSt
005 20221006164933.0
006 a|||||r|||| 00| 0
007 ta
008 221006b |||||||| |||| 00| 0 eng d
024 _a6,913
037 _cTextual
040 _aFML
_cFML
_beng
041 _2eng
_aeng
082 _aNA441, D, 9(Q1), K6
100 _aBalasubrahmanyam S. R. Au.
245 0 _aEarly Chola Art
260 _aMumbai
_bAsia Publishing House India
_c1966
300 _a266, 115
_ccm.
942 _hNA441, D, 9(Q1), K6
_cTEXL
_2CC
999 _c1119004
_d1119004